Statistics for Countries of North America Without a Map

Click here to take the quiz!

General Stats

  • This quiz has been taken 36 times
  • The average score is 22 of 23

Answer Stats

Answer% Correct
Canada
100%
Mexico
100%
United States
100%
Bahamas
97%
Belize
97%
Costa Rica
97%
Cuba
97%
Dominica
97%
Dominican Republic
97%
El Salvador
97%
Honduras
97%
Haiti
94%
Jamaica
94%
Nicaragua
94%
Panama
94%
St. Kitts and Nevis
94%
St. Vincent and the Grenadines
94%
Antigua and Barbuda
91%
Barbados
91%
Guatemala
91%
Grenada
88%
St. Lucia
88%
Trinidad and Tobago
85%

Score Distribution

Percentile by Number Answered

Percent of People with Each Score

Your Score History

You have not taken this quiz